Kolektívne investovanie v Maďarsku a Poľsku
Vývoj kolektívneho investovania v Maďarsku. Analýza trhu podielových fondov v Maďarsku. Kolektívne investovanie v Poľsku. Analýza trhu podielových fondov v Poľsku.
Gespeichert in:
| 1. Verfasser: | |
|---|---|
| Format: | Buchkapitel |
| Sprache: | Slowakisch |
| Schlagworte: | |
| Tags: |
Keine Tags, Fügen Sie das erste Tag hinzu!
|
MARC
| LEADER | 00000nla$a2200000$$$4500 | ||
|---|---|---|---|
| 001 | 0059494 | ||
| 005 | 20231121080745.6 | ||
| 041 | 0 | |a slo | |
| 044 | |a SK | ||
| 245 | 1 | 0 | |a Kolektívne investovanie v Maďarsku a Poľsku |c Peter Jakub |
| 520 | |a Vývoj kolektívneho investovania v Maďarsku. Analýza trhu podielových fondov v Maďarsku. Kolektívne investovanie v Poľsku. Analýza trhu podielových fondov v Poľsku. | ||
| 610 | 2 | 0 | |a Poľsko |
| 610 | 2 | 0 | |a trh finančný |
| 610 | 2 | 0 | |a trh kapitálový |
| 610 | 2 | 0 | |a fondy investičné |
| 610 | 2 | 0 | |a Maďarsko |
| 610 | 2 | 0 | |a investovanie kolektívne |
| 100 | 1 | |a Jakub, Peter | |